Name the Superman Movies! - Statistics

General Stats
  • This quiz has been taken 48 times
    24 since last reset
  • The average score is 14 of 22
Answer Stats
Year Movie % Correct
2013 Man of Steel
100%
1978 Superman
100%
2025 Superman
100%
1980 Superman II
100%
1983 Superman III
100%
2017 Justice League
89%
1984 Supergirl
89%
2026 Supergirl
89%
1987 Superman IV: The Quest For Peace
89%
2006 Superman Returns
89%
2021 Zack Snyder's Justice League
89%
2016 Batman V. Superman: Dawn of Justice
84%
2027 Man of Tomorrow
58%
2023 The Flash
58%
2022 Black Adam
53%
2019 Shazam!
53%
2022 DC League of Super-Pets
21%
2014 The Lego Movie
21%
2017 The Lego Batman Movie
16%
2021 Space Jam: A New Legacy
11%
2018 Teen Titans GO! To the Movies
11%
2019 The Lego Movie 2: The Second Part
11%
No matching quizzes found
Score Distribution
Percent of People with Each Score
Percentile by Number Answered
Your Score History
You have not taken this quiz since the last reset